Pays plus grands que l'Alaska - Statistiques

Statistiques générales
  • Ce quiz a été pris 299 fois
  • Le résultat moyen est 12 sur 16
Statistiques - réponses
Réponse % Correct
Russie
100%
Chine
97%
Brésil
95%
Canada
95%
Australie
93%
Inde
89%
Argentine
88%
Algérie
83%
République Démocratique du Congo
75%
Mexique
71%
Indonésie
66%
Arabie Saoudite
60%
Soudan
48%
Kazakhstan
43%
Libye
42%
Danemark
35%
Aucun quiz correspondant
Distribution des résultats
% des personnes avec chaque résultat
Percentile par nombre de réponses
Votre historique - résultats
Vous n’avez pas pris ce quiz